| 000 | 00975nam a2200265Ia 4500 | ||
|---|---|---|---|
| 003 | OSt | ||
| 005 | 20221005104440.0 | ||
| 006 | a|||||r|||| 00| 0 | ||
| 007 | ta | ||
| 008 | 221004b |||||||| |||| 00| 0 hin d | ||
| 020 |
_a8187654813 (hbk) _c350 |
||
| 024 | _a12003 | ||
| 037 |
_b814, 13/03/2014, H.K. Prakashan _cTextual |
||
| 040 |
_aCRL _cCRL _bhin |
||
| 041 |
_2hin _ahin |
||
| 082 | _aO152v243, P3 | ||
| 100 | _aबेदी, हरमहेन्द्र सिंह | ||
| 245 | 0 | _aपंजाब का हिन्दी साहित्य | |
| 246 | _aPanjāb kā hindī sāhitya | ||
| 260 |
_aदिल्ली _bमनप्रीत प्रकाशन भारत _c2003 |
||
| 300 |
_a288पृ0 _ccm. |
||
| 650 | _aहिन्दी साहित्य | ||
| 942 |
_hO152v243, P3 _cTEXL _2cc |
||
| 999 |
_c1012747 _d1012747 |
||